000 00287nam a22001337a 4500
008 190306b xxu||||| |||| 00| 0 eng d
020 _a2740232014328
041 _aeng
080 _26th
_a338
100 _a52
101 _aMNG
245 _aCost Management
_cBlocher
942 _2udc
_cBK
999 _c54639
_d54639